<?xml version="1.0" encoding="UTF-8"?><?xml-stylesheet type="text/xsl" href="static/style.xsl"?><OAI-PMH xmlns="http://www.openarchives.org/OAI/2.0/" xmlns:xsi="http://www.w3.org/2001/XMLSchema-instance" xsi:schemaLocation="http://www.openarchives.org/OAI/2.0/ http://www.openarchives.org/OAI/2.0/OAI-PMH.xsd"><responseDate>2026-06-29T02:13:45Z</responseDate><request verb="GetRecord" identifier="oai:docta.ucm.es:20.500.14352/114336" metadataPrefix="marc">https://docta.ucm.es/rest/oai/request</request><GetRecord><record><header><identifier>oai:docta.ucm.es:20.500.14352/114336</identifier><datestamp>2025-08-21T12:09:44Z</datestamp><setSpec>com_20.500.14352_14</setSpec><setSpec>col_20.500.14352_18</setSpec></header><metadata><record xmlns="http://www.loc.gov/MARC21/slim" xmlns:dcterms="http://purl.org/dc/terms/" xmlns:xsi="http://www.w3.org/2001/XMLSchema-instance" xmlns:doc="http://www.lyncode.com/xoai" xsi:schemaLocation="http://www.loc.gov/MARC21/slim http://www.loc.gov/standards/marcxml/schema/MARC21slim.xsd">
   <leader>00925njm 22002777a 4500</leader>
   <datafield ind2=" " ind1=" " tag="042">
      <subfield code="a">dc</subfield>
   </datafield>
   <datafield ind2=" " ind1=" " tag="720">
      <subfield code="a">Kubica, María Lubomira</subfield>
      <subfield code="e">author</subfield>
   </datafield>
   <datafield ind2=" " ind1=" " tag="260">
      <subfield code="c">2024</subfield>
   </datafield>
   <datafield ind2=" " ind1=" " tag="520">
      <subfield code="a">En los últimos años, la digitalización ha transformado profundamente numerosos aspectos de la sociedad, incluyendo el ámbito jurídico. En este contexto, la Unión Europea ha emprendido un esfuerzo significativo para regular el desarrollo y la implementación de la inteligencia artificial (IA) con el objetivo de garantizar un equilibrio entre la innovación tecnológica y la protección de los derechos fundamentales. La propuesta de Regulación Europea en materia de IA introduce un marco normativo pionero basado en un enfoque de riesgo, clasificando los sistemas de IA según su impacto potencial en la salud, la seguridad y los derechos fundamentales.
Este trabajo explora cómo esta regulación pretende abordar los desafíos únicos que plantea la IA, desde cuestiones de responsabilidad civil hasta la necesidad de un concepto uniforme que permita afrontar los riesgos asociados a estas tecnologías emergentes. A través de una perspectiva crítica, se analiza cómo este marco puede contribuir al desarrollo de un derecho digital más coherente y adaptado a
las demandas de la era tecnológica.</subfield>
   </datafield>
   <datafield ind1="8" ind2=" " tag="024">
      <subfield code="a">Kubica. M. L. (2024). La digitalización del derecho: la regulación europea en materia de IA y un concepto uniforme de responsabilidad civil basado en el riesgo. En F. Yáñez y S. Calaza (Dirs.), La responsabilidad civil de la IA (pp. 195-220). Dykinson</subfield>
   </datafield>
   <datafield ind1="8" ind2=" " tag="024">
      <subfield code="a">978-84-1070-916-4</subfield>
   </datafield>
   <datafield ind1="8" ind2=" " tag="024">
      <subfield code="a">10.14679/3566</subfield>
   </datafield>
   <datafield ind1="8" ind2=" " tag="024">
      <subfield code="a">https://hdl.handle.net/20.500.14352/114336</subfield>
   </datafield>
   <datafield ind1="8" ind2=" " tag="024">
      <subfield code="a">https://doi.org/10.14679/3566</subfield>
   </datafield>
   <datafield ind2="0" ind1="0" tag="245">
      <subfield code="a">La digitalización del derecho: la regulación europea en materia de IA y un concepto uniforme de responsabilidad civil basado en el riesgo</subfield>
   </datafield>
</record></metadata></record></GetRecord></OAI-PMH>